Sudan : Selected Issues Paper.

This selected issues paper on Sudan was prepared by a staff team of the International Monetary Fund as background documentation for the periodic consultation with the member country. It is based on the information available at the time it was completed on September 7, 2012. The views expressed in th...

Descripció completa

Dades bibliogràfiques
Autor corporatiu: International Monetary Fund. Middle East and Central Asia Dept
Format: Revista
Idioma:English
Publicat: Washington, D.C. : International Monetary Fund, 2012.
Col·lecció:IMF Staff Country Reports; Country Report ; No. 2012/299
Accés en línia:Full text available on IMF
LEADER 01497cas a2200241 a 4500
001 AALejournalIMF013167
008 230101c9999 xx r poo 0 0eng d
020 |c 5.00 USD 
020 |z 9781616355722 
022 |a 1934-7685 
040 |a BD-DhAAL  |c BD-DhAAL 
110 2 |a International Monetary Fund.  |b Middle East and Central Asia Dept. 
245 1 0 |a Sudan :   |b Selected Issues Paper. 
264 1 |a Washington, D.C. :  |b International Monetary Fund,  |c 2012. 
300 |a 1 online resource (76 pages) 
490 1 |a IMF Staff Country Reports 
500 |a <strong>Off-Campus Access:</strong> No User ID or Password Required 
500 |a <strong>On-Campus Access:</strong> No User ID or Password Required 
506 |a Electronic access restricted to authorized BRAC University faculty, staff and students 
520 3 |a This selected issues paper on Sudan was prepared by a staff team of the International Monetary Fund as background documentation for the periodic consultation with the member country. It is based on the information available at the time it was completed on September 7, 2012. The views expressed in this document are those of the staff team and do not necessarily reflect the views of the government of Sudan or the Executive Board of the IMF. 
538 |a Mode of access: Internet 
830 0 |a IMF Staff Country Reports; Country Report ;  |v No. 2012/299 
856 4 0 |z Full text available on IMF  |u http://elibrary.imf.org/view/journals/002/2012/299/002.2012.issue-299-en.xml  |z IMF e-Library